| 000 | 02315cam a2200361 i 4500 | ||
|---|---|---|---|
| 001 | 193388 | ||
| 003 | SpMaBN | ||
| 005 | 20240903062952.0 | ||
| 007 | ta | ||
| 008 | 090526s2009 sp | |||| 000 p spa | ||
| 017 |
_aSE 5254-2008 _bOficina Depósito Legal Sevilla |
||
| 020 | _a9788496959149 | ||
| 035 | _a(OCoLC)733620076 | ||
| 040 |
_aSpMaBN _bspa _cSpMaBN _erdc |
||
| 080 | _a821.134.2-14"19" | ||
| 100 | 1 |
_aPérez Henares, Antonio, _d1953- _0XX1067255 _eaut _9138463 |
|
| 245 | 1 | 0 |
_aAnimales, vegetales y minerales / _cAntonio Pérez Henares |
| 260 |
_a[Madrid] : _bEdiciones Irreverentes, _c[2008] |
||
| 300 |
_a60 páginas ; _c22 cm |
||
| 336 |
_2rdacontent _aTexto |
||
| 337 |
_2rdamedia _asin mediación |
||
| 338 |
_2rdacarrier _avolumen |
||
| 490 | 1 |
_aNovísima biblioteca ; _v32 |
|
| 520 | _aEn su juventud, Antonio Pérez Henares escribió centenares de poemas. Los amores y aun más los desamores los acababa pasando por el poema y en más de una ocasión, logró hacer del verso llave del corazón de las esquivas. Con la edad, ya se sabe, se va quedando uno seco de amores, desvaríos, ardores y hasta se desengaña uno de los desengaños. Y va dejando el verso. Pero siempre ha querido Pérez Henares a sus poemas. No los ha quemado ni despreciado. Les tiene el cariño que se le guarda a un tiempo en el que se disfrutó hasta sufriendo. Donde amen de los sueños amorosos tenía también sitio el de la libertad, entonces perseguida. Están aquí también aquellas palabras que quiso fueran armas contra la dictadura. Y de algo, por muy humilde que fuera, aún piensa que valieron. Cada grano valía. Por eso hoy quiere publicarlos, al menos un puñado. Quiere rendirles ese pequeño homenaje y que tengan el lugar en su biblioteca que siempre han tenido en su corazón. | ||
| 655 | 7 |
_aPoesías _2tgfbne _9176539 |
|
| 830 | 0 |
_aNovísima biblioteca ; _v32 _9234422 |
|
| 852 |
_aES-MaACL _bR. 154741 _cDEPOJ _jN-9544 _9200834 _gDedicatoria autógrafa del autor _hDonación: Antonio Pérez Henares _xEncuadernación rústica con solapas |
||
| 903 |
_aPérez Henares, Antonio, _d1953- _ednr _9138463 |
||
| 942 |
_n0 _cMONOGRAFIA |
||
| 999 |
_c193388 _d193388 |
||